Dělená strava velká barevná kuchařka : recepty pro zdraví, štíhlost a krásu

Bibliographic Details
Main Authors: Horecká, Jana (Author), Horecký, Vladimír (Author, Photographer)
Other Authors: Pálušová, Ilona (Translator)
Format: Book
Language:Czech
PhysicalDescription:111 s. 30 cm
Published: Žilina Knižné centrum c1999
ISBN:8080640467
Subjects:

MARC

LEADER 00000nam a2200000 a 4500
001 vtls001381986
003 SK-MaSNL
005 20260301161409.0
008 240314s1999 xo a r cze
015 |a SNBA2000/04-01180 
020 |a 8080640467 
035 |a SNK000336022 
035 |a urn:nbn:sk:snk-amltqy 
035 |a urn:nbn:sk:snk-am00cdeb 
035 |a 3C80AE03-EBB5-4D44-862D-F463A850DC51 
040 |a SNK  |b slo  |c SNK  |e AACR2 
041 0 |a cze 
044 |a xo  |c SK 
080 |a 641.5(083.12)=850  |2 1981 
100 1 |a Horecká, Jana  |4 aut  |9 231506 
245 1 0 |a Dělená strava  |b velká barevná kuchařka : recepty pro zdraví, štíhlost a krásu  |c Jana Horecká, Vladimír Horecký ; [přeložila Ilona Pálušová] 
260 |a Žilina  |b Knižné centrum  |c c1999 
300 |a 111 s.  |c 30 cm 
500 |a Fotogr. na tit. strane a front. 
500 |a Údaj o prekl. prevzatý z rubu tit. strany 
504 |a Reg. 
650 0 7 |a strava oddelená  |x príprava  |x predpisy kuchárske  |2 SNK  |9 382611 
650 0 7 |a knihy kuchárske  |2 SNK  |9 283472 
655 7 |a príručky  |2 SNK  |9 74364 
700 1 |a Horecký, Vladimír  |4 aut  |4 pht  |9 44316 
700 1 |a Pálušová, Ilona  |4 trl  |9 46134 
919 |a 80-8064-046-7 
958 |a TL 
958 |a OP 
958 |a NS 
958 |a CZ 
958 |a OND 
968 |a Čes  |b SLO 
999 |c 809299  |d 811229 
952 |t P60, <03>, [BOOK], {603}  |a SNK  |b SNK  |y PREZ  |7 0  |p 17A0226672  |o snkSB 61375  |i snkKSP 1411/2000  |0 0  |1 0  |4 0  |d 2000-02-02  |f 1  |l 0  |r 2025-04-15 00:00:00  |w 2026-02-24 
952 |t P60, <04>, [BOOK], {604}  |a SNK  |b SNK  |y VYP  |7 0  |p 17A0226673  |o snkSB 61375 D1  |i snkKSP 1412/2000  |0 0  |1 0  |4 0  |d 2000-02-02  |l 0  |r 2005-01-02 00:00:00  |w 2026-02-24